01054nam a2200241Ia 450000100060000000300090000600800410001504000130005604000130006904100130008210000180009510000290011324500450014224500450018725000110023226000120024326000140025526000490026930000430031850003950036165000250075665000310078123430IT-RoPAU130308s9999 xx 000 0 und d aIT-RoPAU cIT-RoPAU aITALIANO aPesce Alberto gCodice Aut. SPICS: 2682 aCinedossier (pratica educativa del film) bCinedossier (Pratica Educativa del Film) a1a ed. aBRESCIA bLa Scuola c1981 [1° Ed.:1981 - Ed.Ling.Originale:1981] a"226 p. (prefazione: no ; testo: 226)" aEducazione al Cinema Come Nasce un Film Ciclo Ideativo Esecutivo commerciale Linguaggio Cinematografico Inquadratura Movimento montaggio Sonoro colore ritmo e Stile Come si legge un Film Lettura Strutturale Narrativa tematica Valutazione Critica Estetica Letturalelvalutazione del Film Il Posto di Ermanno Olmi cineclub scolastico Fare Film a Scuola Cinelessico e Orientamenti Bibliografici aEDUCAZIONE AL CINEMA eCodice materia Spics: 6812